| 000 | 01439nam a22002177a 4500 | ||
|---|---|---|---|
| 005 | 20250210122553.0 | ||
| 008 | 250210b ||||| |||| 00| 0 eng d | ||
| 020 | _a9789387695221 | ||
| 040 | _cAL | ||
| 041 | _aeng | ||
| 082 |
_223 _a613.2 _bAGAH |
||
| 100 |
_aAditya Agarwal _9198696 |
||
| 245 | _aHandbook of nutraceuticals | ||
| 260 |
_aNew Delhi _bAgri Horti Press _c2024 |
||
| 300 |
_avi,124p _bHB _c23.5x16cm. |
||
| 365 |
_2General _a6390 _b₹1196.00 _c₹ _d₹1495.00 _e20% _f6/02/2025 |
||
| 520 | _aIt is a comprehensive guide to the use of nutraceuticals in maintaining a healthy lifestyle. The book covers a range of topics related to nutraceuticals, including their potential role in reducing inflammation and oxidative stress, their use in treating cardiovascular disease, and their proven effect in combating obesity and hypertension. The book includes information on the use of probiotics and other bioactive compounds found in fruits such as fruit. The book also explores the use of nutraceuticals derived from microbes of marine sources, highlighting the potential benefits of these compounds in promoting human health. The book will be highly beneficial for the chemists, biochemists, food scientists, and as well as nutritionists, dietitians, and biochemistry graduate students studying nutraceuticals. | ||
| 650 |
_aPersonal Health and safety _vDietetics _9198697 |
||
| 700 |
_aPal, Preet _9198698 |
||
| 942 |
_2ddc _cBK |
||
| 999 |
_c233739 _d233739 |
||